Hauptstädte mit 10 Buchstaben - Statistiken

Allgemein
  • Dieses Quiz wurde 44 mal gespielt
  • Das Durchschnittsergebnis liegt bei 4 aus 13
Antwortstatistiken
Kontinent Stadt % Korrekt
Europa Kopenhagen
70%
Südamerika Montevideo
59%
Ozeanien Wellington
59%
Europa Bratislava
41%
Südamerika Georgetown
35%
Südamerika Paramaribo
35%
Afrika Addis Abeba
27%
Afrika Nouakchott
27%
Nordamerika Basseterre
22%
Afrika Libreville
19%
Afrika Mogadischu
19%
Nordamerika Bridgetown
8%
Nordamerika Saint John's
3%
Keine übereinstimmenden Quizze gefunden
Verteilung der Resultate
Anzahl Personen mit jedem Resultat
Perzentil nach korrekt beantworteten Fragen
Ihre Resultats-Entwicklung
Sie haben dieses Quiz noch nicht gespielt